OK! Magazine Thailand (ระเบียนเลขที่ 93788)
| 000 -LEADER | |
|---|---|
| fixed length control field | 00507nas a2200169 4500 |
| 003 - CONTROL NUMBER IDENTIFIER | |
| control field | NALT |
| 005 - DATE AND TIME OF LATEST TRANSACTION | |
| control field | 20211027103834.0 |
| 008 - FIXED-LENGTH DATA ELEMENTS--GENERAL INFORMATION | |
| fixed length control field | 170915b xxu|||p| |||| 00| 0 tha d |
| 022 ## - INTERNATIONAL STANDARD SERIAL NUMBER | |
| International Standard Serial Number | 19050844 |
| 040 ## - CATALOGING SOURCE | |
| Original cataloging agency | NALT |
| Language of cataloging | tha |
| 245 ## - TITLE STATEMENT | |
| Title | OK! Magazine Thailand |
| 310 ## - CURRENT PUBLICATION FREQUENCY | |
| Current publication frequency | รายเดือน |
| 500 ## - GENERAL NOTE | |
| General note | หยุดผลิตหลังเดือนมิถุนายน 2562 |
| 850 ## - HOLDING INSTITUTION | |
| Holding institution | NALT |
| 866 ## - TEXTUAL HOLDINGS--BASIC BIBLIOGRAPHIC UNIT | |
| Textual string | ฉบับที่ 309-314 (ม.ค.-มิ.ย. 2562) |
| 942 ## - ADDED ENTRY ELEMENTS (KOHA) | |
| Koha item type | Journal/Magazine |
| Serial record | 1 |
| Koha issues (borrowed), all copies | 2 |
| Source of classification or shelving scheme | Library of Congress Classification |
| 998 ## - STAFF NAME (NALT) | |
| -- | 755 |
| -- | จินตนา เอี่ยมคง |
ไม่มีตัวเล่มให้บริการ
